[Event "Titled Tuesday intern op 16th Jan Early"]
[Site "Chess.com INT"]
[Date "2024.01.16"]
[Round "8"]
[White "Leyva Rivera, Yunier"]
[Black "Maltsevskaya, Aleksandra"]
[Result "1-0"]
[WhiteElo "2327"]
[BlackElo "2378"]
[PlyCount "77"]
[EventDate "2024.01.16"]
[EventType "swiss (blitz)"]
[EventRounds "11"]
[EventCountry "USA"]
[SourceTitle "CB04_2024"]
[SourceDate "2023.10.16"]
[SourceVersion "1"]
[SourceVersionDate "2023.10.16"]
[SourceQuality "1"]

1. d4 Nf6 2. c4 g6 3. Nc3 d6 4. e4 Bg7 5. Be2 0-0 6. Bg5 c5 7. d5 e6 8. Qd2 exd5 9. exd5 a6 10. a4 Re8 11. Nf3 Bf5 12. 0-0 Nbd7 13. Nh4 h6 14. Nxf5 hxg5 15. Nxg7 Kxg7 16. Qxg5 Qb6 17. Qd2 Qb4 18. Qc2 Ne5 19. b3 Rh8 20. h3 Rae8 21. f4 Ned7 22. Rf3 Re7 23. Bd3 Rhe8 24. Raf1 Re3 25. Kh2 Rxf3 26. Rxf3 b5 27. axb5 axb5 28. Nxb5 Qe1 29. Nxd6 Ra8 30. Qf2 Ng4+ 31. hxg4 Rh8+ 32. Kg3 Qh1 33. Re3 Nf6 34. Kf3 Nxg4 35. Kxg4 Qh5+ 36. Kg3 f5 37. Qb2+ Kh6 38. Be2 Qh1 39. Qxh8# 1-0

[Event "Titled Tuesday intern op 16th Jan Early"]
[Site "Chess.com INT"]
[Date "2024.01.16"]
[Round "1"]
[White "Pakleza, Zbigniew"]
[Black "Leyva Rivera, Yunier"]
[Result "0-1"]
[WhiteElo "2482"]
[BlackElo "2327"]
[PlyCount "116"]
[EventDate "2024.01.16"]
[EventType "swiss (blitz)"]
[EventRounds "11"]
[EventCountry "USA"]
[SourceTitle "CB04_2024"]
[SourceDate "2023.10.16"]
[SourceVersion "1"]
[SourceVersionDate "2023.10.16"]
[SourceQuality "1"]

1. d4 Nf6 2. Nf3 g6 3. Bf4 d6 4. h3 Bg7 5. e3 0-0 6. Be2 b6 7. 0-0 Bb7 8. a4 a6 9. c3 Nbd7 10. Bh2 Qe8 11. Qb3 e5 12. Nbd2 Ne4 13. Rfd1 Nxd2 14. Rxd2 Qe7 15. a5 b5 16. c4 Rab8 17. cxb5 Bxf3 18. Bxf3 Rxb5 19. Qc2 c5 20. Be2 Rb4 21. dxe5 Bxe5 22. Bxe5 Nxe5 23. Bxa6 c4 24. Rad1 Nd3 25. Qc3 d5 26. Rxd3 cxd3 27. Bxd3 Rfb8 28. a6 Rxb2 29. Qd4 Qa3 30. Qxd5 Qb3 31. Qf3 Rd8 32. a7 Qa4 33. Qe4 Qxe4 34. Bxe4 Rxd1+ 35. Kh2 Ra1 36. a8Q+ Rxa8 37. Bxa8 Rxf2 38. Kg3 Rb2 39. Bf3 Kg7 40. h4 Kf6 41. Kf4 Rb4+ 42. e4 Ke6 43. g4 h6 44. g5 hxg5+ 45. hxg5 Kd6 46. Bg4 Kc5 47. Ke5 Rb6 48. Be2 Kb4 49. Kd4 Rd6+ 50. Ke5 Re6+ 51. Kd4 Rd6+ 52. Ke5 Rd2 53. Ba6 Rg2 54. Kf6 Kc5 55. Bc8 Kd4 56. Kxf7 Rxg5 57. Kf6 Rc5 58. Kxg6 Rxc8 0-1

[Event "Titled Tuesday intern op 19th Sep Early"]
[Site "Chess.com INT"]
[Date "2023.09.19"]
[Round "9"]
[White "Leyva Rivera, Yunier"]
[Black "Bokros, Albert"]
[Result "1-0"]
[WhiteElo "2337"]
[BlackElo "2447"]
[PlyCount "67"]
[EventDate "2023.09.19"]
[EventType "swiss (blitz)"]
[EventRounds "11"]
[EventCountry "USA"]
[SourceTitle "EXT 2024"]
[Source "ChessBase"]
[SourceDate "2023.10.10"]
[SourceVersion "1"]
[SourceVersionDate "2023.10.10"]
[SourceQuality "1"]

1. d4 d5 2. c4 e6 3. Nc3 c6 4. e3 f5 5. f4 Nf6 6. Nf3 Bd6 7. Bd3 0-0 8. 0-0 Nbd7 9. Bd2 Ne4 10. Be1 Ndf6 11. Bh4 Be7 12. Ne5 Nxc3 13. bxc3 Ne4 14. Bxe7 Qxe7 15. Bxe4 fxe4 16. Rb1 Qa3 17. Qb3 Qxb3 18. Rxb3 g6 19. c5 Kg7 20. Rfb1 Re8 21. h4 Re7 22. g4 h6 23. Kf2 Rc7 24. Kg3 Rb8 25. a4 Bd7 26. a5 a6 27. Rb6 Kh7 28. Rxa6 Kg7 29. Rab6 Be8 30. a6 g5 31. hxg5 hxg5 32. Rxb7 Rbxb7 33. Rxb7 Rxb7 34. axb7 1-0

[Event "Titled Tuesday intern op 11th Apr Early"]
[Site "Chess.com INT"]
[Date "2023.04.11"]
[Round "1"]
[White "Molina, Roberto Junio Brito"]
[Black "Leyva Rivera, Yunier"]
[Result "1-0"]
[WhiteElo "2403"]
[BlackElo "2337"]
[PlyCount "101"]
[EventDate "2023.04.11"]
[EventType "swiss (blitz)"]
[EventRounds "11"]
[EventCountry "USA"]
[SourceTitle "CBM 213 Extra"]
[Source "ChessBase"]
[SourceDate "2023.05.31"]
[SourceVersion "1"]
[SourceVersionDate "2023.05.31"]
[SourceQuality "1"]

1. d4 Nf6 2. Nf3 e6 3. e3 b6 4. Bd3 Bb7 5. Qe2 c5 6. c3 cxd4 7. exd4 Be7 8. 0-0 0-0 9. Bf4 d6 10. h3 Nbd7 11. Nbd2 a6 12. a4 Re8 13. Bh2 Bf8 14. Rfe1 h6 15. Ne4 Nxe4 16. Bxe4 Bxe4 17. Qxe4 Nf6 18. Qd3 d5 19. Ne5 Bd6 20. Re2 Qc7 21. Nf3 Bxh2+ 22. Nxh2 Ne4 23. Nf3 Qb7 24. Ne5 b5 25. f3 Nd6 26. Qc2 b4 27. Nd3 bxc3 28. bxc3 Reb8 29. Nc5 Qc6 30. Qa2 Nb7 31. Nxb7 Rxb7 32. Rc2 Rab8 33. c4 dxc4 34. Qxc4 Qd7 35. Rd1 Rb4 36. Qxa6 Rxa4 37. Qc6 Qa7 38. Qc5 Rd8 39. Qxa7 Rxa7 40. Rc4 e5 41. Kf2 Ra2+ 42. Kf1 Rb8 43. dxe5 Rbb2 44. Rg4 Rf2+ 45. Kg1 Rfe2 46. Rd8+ Kh7 47. Rd7 h5 48. Rg5 Kh6 49. h4 f6 50. exf6 gxf6 51. Rd6 1-0

[Event "Miami"]
[Site "Miami"]
[Date "2023.01.22"]
[Round "5"]
[White "Leyva Rivera, Yunier"]
[Black "Cabrera Gonzalez, Maximo Ariel"]
[Result "1/2-1/2"]
[WhiteElo "2353"]
[BlackElo "2322"]
[PlyCount "61"]
[EventDate "2023.01.19"]
[EventType "tourn"]
[EventRounds "9"]
[EventCountry "USA"]
[SourceTitle "EXT 2024"]
[Source "ChessBase"]
[SourceDate "2023.10.10"]
[SourceVersion "1"]
[SourceVersionDate "2023.10.10"]
[SourceQuality "1"]

1. d4 Nf6 2. Nf3 e6 3. g3 d5 4. Bg2 Be7 5. 0-0 0-0 6. b3 c5 7. dxc5 Bxc5 8. c4 Nc6 9. cxd5 exd5 10. Nc3 Bf5 11. Bb2 a6 12. Rc1 Ba7 13. e3 Qa5 14. a3 Rac8 15. Ne2 Ne4 16. b4 Qd8 17. Nf4 Be6 18. Nd4 Nxd4 19. Rxc8 Qxc8 20. Bxd4 Bb8 21. Nxe6 fxe6 22. Bxe4 dxe4 23. Qb1 Qc4 24. Qb2 Qc7 25. Qb1 Qc4 26. Qb2 Qc7 27. Qb1 e5 28. Bb2 Qc4 29. Bd4 Qc7 30. Qb3+ Kh8 31. Bb2 1/2-1/2

[Event "Miami Turkey Bowl op 20th"]
[Site "Miami"]
[Date "2022.11.20"]
[Round "5"]
[White "Casares Contreras, Jose Gabriel"]
[Black "Leyva Rivera, Yunier"]
[Result "1/2-1/2"]
[WhiteElo "1792"]
[BlackElo "2368"]
[PlyCount "113"]
[EventDate "2022.11.18"]
[EventType "swiss"]
[EventRounds "5"]
[EventCountry "USA"]
[SourceTitle "EXT 2024"]
[Source "ChessBase"]
[SourceDate "2023.10.10"]
[SourceVersion "1"]
[SourceVersionDate "2023.10.10"]
[SourceQuality "1"]

1. e4 c5 2. Nf3 e6 3. g3 Nc6 4. Bg2 Nf6 5. Qe2 Be7 6. 0-0 d6 7. Rd1 0-0 8. d4 cxd4 9. Nxd4 Nxd4 10. Rxd4 Qc7 11. Nc3 Bd7 12. Bg5 h6 13. Be3 Rac8 14. Rad1 a6 15. a4 e5 16. R4d2 Qc4 17. Qxc4 Rxc4 18. Rd3 Rfc8 19. Bd2 Rd4 20. Be3 Rxd3 21. Rxd3 b5 22. axb5 axb5 23. Rd2 b4 24. Nd1 Bc6 25. f3 d5 26. exd5 Nxd5 27. Bf2 Bg5 28. f4 exf4 29. Bxd5 fxg3 30. Be3 Bxd5 31. Bxg5 Bf3 32. Bf4 gxh2+ 33. Bxh2 Bxd1 34. Rxd1 Rxc2 35. Be5 f6 36. Rd8+ Kf7 37. Bd4 Ke6 38. Rb8 Rc4 39. Bf2 g5 40. Be1 Rc1 41. Kf1 f5 42. Rb6+ Kd5 43. Rxh6 Rc2 44. Rh5 Rxb2 45. Rxg5 Ke4 46. Rg2 Rxg2 47. Kxg2 b3 48. Bc3 Kd3 49. Ba1 Ke2 50. Kg3 Ke3 51. Kg2 f4 52. Kf1 f3 53. Bb2 Kd3 54. Kf2 Kc2 55. Ba1 b2 56. Bxb2 Kxb2 57. Kxf3 1/2-1/2

[Event "Charlotte CCCSA Summer IM-D"]
[Site "Charlotte"]
[Date "2022.07.28"]
[Round "8"]
[White "Chasin, Nico Werner"]
[Black "Leyva Rivera, Yunier"]
[Result "1/2-1/2"]
[WhiteElo "2285"]
[BlackElo "2379"]
[PlyCount "58"]
[EventDate "2022.07.24"]
[EventType "tourn"]
[EventRounds "9"]
[EventCountry "USA"]
[SourceTitle "CBM 209 Extra"]
[Source "ChessBase"]
[SourceDate "2022.09.30"]
[SourceVersion "1"]
[SourceVersionDate "2022.09.30"]
[SourceQuality "1"]

1. d4 Nf6 2. c4 e6 3. Nf3 d5 4. Nc3 Be7 5. Bf4 0-0 6. e3 b6 7. Be2 Bb7 8. 0-0 c5 9. dxc5 bxc5 10. Qb3 Qb6 11. Nb5 Na6 12. Ne5 Rad8 13. Rfd1 Nd7 14. Nxd7 Rxd7 15. Nc3 d4 16. Qxb6 axb6 17. Na4 Bc6 18. b3 Bf6 19. exd4 Bxd4 20. Rab1 Rb7 21. a3 e5 22. Bd2 Rd8 23. Nc3 Rbd7 24. Be1 Nc7 25. b4 f5 26. Kf1 g6 27. bxc5 Bxc5 28. Rxd7 Rxd7 29. a4 Kf7 1/2-1/2

[Event "Charlotte CCCSA Summer IM-D"]
[Site "Charlotte"]
[Date "2022.07.28"]
[Round "9"]
[White "Leyva Rivera, Yunier"]
[Black "Martin Del Campo C, Roberto Abel"]
[Result "1/2-1/2"]
[WhiteElo "2379"]
[BlackElo "2245"]
[PlyCount "37"]
[EventDate "2022.07.24"]
[EventType "tourn"]
[EventRounds "9"]
[EventCountry "USA"]
[SourceTitle "CBM 209 Extra"]
[Source "ChessBase"]
[SourceDate "2022.09.30"]
[SourceVersion "1"]
[SourceVersionDate "2022.09.30"]
[SourceQuality "1"]

1. b3 d5 2. Bb2 c5 3. e3 Nc6 4. Nf3 Nf6 5. Bb5 Bd7 6. 0-0 e6 7. Bxc6 Bxc6 8. Ne5 Rc8 9. f4 Be7 10. d3 0-0 11. Nd2 Be8 12. Ndf3 Nd7 13. Nxd7 Bxd7 14. c4 b5 15. Ne5 Be8 16. Qe2 f6 17. Nf3 bxc4 18. bxc4 Qb6 19. Bc3 1/2-1/2

[Event "Charlotte CCCSA Summer IM-D"]
[Site "Charlotte"]
[Date "2022.07.25"]
[Round "3"]
[White "Levine, Joseph1111"]
[Black "Leyva Rivera, Yunier"]
[Result "0-1"]
[WhiteElo "2294"]
[BlackElo "2379"]
[PlyCount "100"]
[EventDate "2022.07.24"]
[EventType "tourn"]
[EventRounds "9"]
[EventCountry "USA"]
[SourceTitle "CBM 209 Extra"]
[Source "ChessBase"]
[SourceDate "2022.09.30"]
[SourceVersion "1"]
[SourceVersionDate "2022.09.30"]
[SourceQuality "1"]

1. e4 c5 2. Nf3 d6 3. d4 cxd4 4. Nxd4 Nf6 5. Nc3 Nc6 6. Bc4 e6 7. Be3 Be7 8. 0-0 0-0 9. Bb3 a6 10. f4 Nxd4 11. Bxd4 b5 12. e5 dxe5 13. fxe5 Nd7 14. Ne4 Bb7 15. Nd6 Bxd6 16. exd6 Qg5 17. Qe2 Kh8 18. a4 e5 19. Bc3 Qg6 20. Rad1 bxa4 21. Bxa4 Nc5 22. b3 Rad8 23. Bb4 Nxa4 24. bxa4 Rd7 25. Rf2 Qe6 26. a5 Rc8 27. c3 f6 28. Rd4 h6 29. c4 Re8 30. Rd1 e4 31. c5 Qb3 32. Rd4 e3 33. Rf1 Re5 34. h4 Bc6 35. Re1 Bb5 36. Qf3 Qb2 37. Rf4 Rd8 38. Kh2 Qc2 39. Rxe3 Bc6 40. Qxc6 Rxe3 41. Qc7 Rg8 42. d7 Rd3 43. c6 Qc1 44. Re4 Kh7 45. Qf4 Qxc6 46. Qf5+ Kh8 47. Re7 Rd4 48. Bc5 Rd5 49. Qg4 Qxc5 50. Qe4 Qc7+ 0-1

[Event "Charlotte CCCSA Summer IM-D"]
[Site "Charlotte"]
[Date "2022.07.24"]
[Round "1"]
[White "Canty, James H"]
[Black "Leyva Rivera, Yunier"]
[Result "1/2-1/2"]
[WhiteElo "2175"]
[BlackElo "2379"]
[PlyCount "99"]
[EventDate "2022.07.24"]
[EventType "tourn"]
[EventRounds "9"]
[EventCountry "USA"]
[SourceTitle "CBM 209 Extra"]
[Source "ChessBase"]
[SourceDate "2022.09.30"]
[SourceVersion "1"]
[SourceVersionDate "2022.09.30"]
[SourceQuality "1"]

1. e4 c5 2. Nf3 d6 3. d4 cxd4 4. Nxd4 Nf6 5. Nc3 Nc6 6. Bg5 e6 7. Qd2 a6 8. 0-0-0 Bd7 9. Kb1 h6 10. Be3 Be7 11. f3 h5 12. Be2 Qc7 13. Qe1 b5 14. Bd3 Ne5 15. Nce2 Qb7 16. h3 h4 17. Nc1 b4 18. Be2 d5 19. Bf4 Ng6 20. Bh2 a5 21. exd5 Nxd5 22. Bd3 Rh6 23. Be4 Kf8 24. f4 Re8 25. f5 exf5 26. Nxf5 Bxf5 27. Bxd5 Qc8 28. Qf2 Bc5 29. Qf1 Ne5 30. Bb3 Rf6 31. Qb5 Bd7 32. Qe2 a4 33. Bxe5 axb3 34. Nxb3 Bb6 35. Rhe1 Rf2 36. Qe4 Kg8 37. Ka1 Qxc2 38. Qxc2 Rxc2 39. Rxd7 Bf2 40. Rc1 Rxc1+ 41. Nxc1 Rxe5 42. Nd3 Re2 43. Kb1 Bg3 44. Nxb4 Rxg2 45. a4 g5 46. a5 g4 47. a6 Bf2 48. Nd3 Bg1 49. Nf4 gxh3 50. Nxh3 1/2-1/2

[Event "Space Coast op 27th"]
[Site "Melbourne FL"]
[Date "2022.04.24"]
[Round "5"]
[White "Leyva Rivera, Yunier"]
[Black "Gareyev, Timur"]
[Result "1/2-1/2"]
[WhiteElo "2387"]
[BlackElo "2566"]
[PlyCount "61"]
[EventDate "2022.04.22"]
[EventType "swiss"]
[EventRounds "5"]
[EventCountry "USA"]
[SourceTitle "EXT 2023"]
[Source "ChessBase"]
[SourceDate "2022.10.05"]
[SourceVersion "1"]
[SourceVersionDate "2022.10.05"]
[SourceQuality "1"]

1. c4 c5 2. g3 g6 3. Bg2 Bg7 4. Nc3 Nc6 5. Nf3 d6 6. 0-0 e5 7. d3 Nge7 8. a3 a5 9. Rb1 0-0 10. Ne1 Be6 11. Nd5 Rb8 12. Nc2 b5 13. Bd2 b4 14. a4 h6 15. Nce3 f5 16. Nxe7+ Nxe7 17. Nd5 Nxd5 18. Bxd5 Qd7 19. f3 Bxd5 20. cxd5 Rf7 21. e4 f4 22. Kg2 g5 23. g4 Bf6 24. b3 h5 25. h3 h4 26. Qc2 Kg7 27. Qc4 Rb6 28. Rbc1 Qb7 29. Rc2 Qa6 30. Rfc1 Qxc4 31. dxc4 1/2-1/2

[Event "Chess.com Bullet op1"]
[Site "Chess.com INT"]
[Date "2020.12.19"]
[Round "9"]
[White "Leyva Rivera, Yunier"]
[Black "Gretarsson, Andri Ass"]
[Result "1-0"]
[WhiteElo "2427"]
[BlackElo "2268"]
[PlyCount "75"]
[EventDate "2020.12.19"]
[EventType "swiss (blitz)"]
[EventRounds "21"]
[EventCountry "USA"]
[SourceTitle "EXT 2022"]
[Source "ChessBase"]
[SourceDate "2021.10.06"]
[SourceVersion "1"]
[SourceVersionDate "2021.10.06"]
[SourceQuality "1"]

1. d4 c5 2. c4 cxd4 3. Nf3 Nc6 4. Nxd4 Nf6 5. Nc3 e6 6. e3 Bb4 7. Bd2 0-0 8. a3 Nxd4 9. axb4 Nc6 10. b5 Ne7 11. Be2 d5 12. b3 d4 13. exd4 Qxd4 14. Qc2 e5 15. Be3 Qd8 16. 0-0 Bf5 17. Qb2 Qc7 18. h3 b6 19. Ra6 Bg6 20. Rfa1 Nd7 21. Bf3 Nc5 22. Bxc5 Qxc5 23. Bxa8 Rxa8 24. Rxa7 Rxa7 25. Rxa7 h5 26. Qd2 Qb4 27. Ne4 Bxe4 28. Qxb4 Ng6 29. Qd6 Bf5 30. Qxb6 Kh7 31. Qe3 Be6 32. b6 h4 33. b7 Nf4 34. b8Q Nxh3+ 35. gxh3 g5 36. Qbxe5 Kg6 37. Q3xg5+ Kh7 38. Qeg7# 1-0

[Event "Chess.com Bullet op1"]
[Site "Chess.com INT"]
[Date "2020.12.19"]
[Round "12"]
[White "Leyva Rivera, Yunier"]
[Black "Reimanis, Ritvars"]
[Result "0-1"]
[WhiteElo "2427"]
[BlackElo "2412"]
[PlyCount "46"]
[EventDate "2020.12.19"]
[EventType "swiss (blitz)"]
[EventRounds "21"]
[EventCountry "USA"]
[SourceTitle "EXT 2022"]
[Source "ChessBase"]
[SourceDate "2021.10.06"]
[SourceVersion "1"]
[SourceVersionDate "2021.10.06"]
[SourceQuality "1"]

1. d4 e6 2. c4 d5 3. Nc3 c6 4. e4 f5 5. exd5 exd5 6. cxd5 cxd5 7. Nf3 Nf6 8. Bb5+ Nc6 9. 0-0 Be7 10. Ne5 Bd7 11. Nxd7 Qxd7 12. Re1 0-0 13. Bg5 h6 14. Bh4 g6 15. Bxc6 bxc6 16. Bg3 Ne4 17. Be5 Bf6 18. Bxf6 Rxf6 19. f3 Nxc3 20. bxc3 Re8 21. Qa4 Rfe6 22. Rxe6 Qxe6 23. Kh1 Qe1+ 0-1

[Event "Capablanca Memorial op 49th"]
[Site "Havana"]
[Date "2014.05.08"]
[Round "1"]
[White "Leyva Rivera, Yunier"]
[Black "Pazos Gambarrotti, Plinio Efrain"]
[Result "1-0"]
[WhiteElo "2417"]
[BlackElo "2240"]
[PlyCount "155"]
[EventDate "2014.04.08"]
[EventType "swiss"]
[EventRounds "10"]
[EventCountry "CUB"]
[SourceTitle "CBM 160 Extra"]
[Source "ChessBase"]
[SourceDate "2014.07.01"]
[SourceVersion "1"]
[SourceVersionDate "2014.07.01"]
[SourceQuality "1"]

1. Nf3 Nf6 2. c4 e6 3. g3 d5 4. Bg2 Be7 5. 0-0 0-0 6. b3 a5 7. Nc3 Nbd7 8. d4 c6 9. Bb2 Re8 10. Qc2 Bf8 11. Rfd1 Qc7 12. e4 dxe4 13. Nxe4 Nxe4 14. Qxe4 Nf6 15. Qc2 a4 16. Ne5 Rd8 17. Bf3 Bd7 18. Kg2 Be8 19. h4 Ra6 20. Rab1 axb3 21. axb3 Rda8 22. Nd3 Ra2 23. Ra1 Nd7 24. Rxa2 Rxa2 25. Ra1 Rxa1 26. Bxa1 Qa5 27. Bc3 Qa7 28. Qb2 Qa3 29. Qxa3 Bxa3 30. Kf1 Be7 31. Ke2 Kf8 32. Ke3 Bf6 33. Bb4+ Be7 34. Bd2 Bd6 35. Bc3 g6 36. Bg2 h5 37. Bb4 Ke7 38. f4 Nf6 39. Bf3 Bxb4 40. Nxb4 Kd6 41. Nd3 Nd7 42. Kd2 b6 43. Kc3 c5 44. b4 f6 45. Bg2 Bf7 46. dxc5+ bxc5 47. Nf2 Ke7 48. Nd3 Kd6 49. Nf2 Ke7 50. bxc5 Nxc5 51. Kb4 Kd6 52. Ne4+ Nxe4 53. Bxe4 e5 54. c5+ Kc7 55. fxe5 fxe5 56. Kb5 Bb3 57. Bxg6 Bd1 58. Be4 Be2+ 59. Kb4 Bg4 60. Kc4 Be6+ 61. Kd3 Bg4 62. Ke3 Bd7 63. Bg6 Kc6 64. Ke4 Kxc5 65. Kxe5 Bg4 66. Be8 Bd1 67. Bf7 Be2 68. Kf6 Kd6 69. Kg5 Ke7 70. Bxh5 Bd3 71. Bg6 Be2 72. Kh6 Kf8 73. Kh7 Bg4 74. Be4 Be2 75. Bf5 Kf7 76. g4 Kf6 77. Kh6 Kf7 78. g5 1-0

[Event "Capablanca Memorial op-A 48th"]
[Site "Havana"]
[Date "2013.04.23"]
[Round "3"]
[White "Morovic Fernandez, Ivan"]
[Black "Leyva Rivera, Yunier"]
[Result "1-0"]
[WhiteElo "2560"]
[BlackElo "2408"]
[PlyCount "101"]
[EventDate "2013.04.21"]
[EventType "swiss"]
[EventRounds "10"]
[EventCountry "CUB"]
[SourceTitle "CBM 154 Extra"]
[Source "ChessBase"]
[SourceDate "2013.06.25"]
[SourceVersion "2"]
[SourceVersionDate "2013.06.25"]
[SourceQuality "1"]

1. b4 Nf6 2. Bb2 g6 3. Nf3 Bg7 4. c4 0-0 5. e3 c6 6. Be2 d5 7. 0-0 Bg4 8. Na3 Nbd7 9. h3 Bxf3 10. Bxf3 Qb8 11. Rb1 a6 12. Qb3 e6 13. Rfd1 Rc8 14. Be2 Qd6 15. Nc2 Ne5 16. d3 Qc7 17. a4 h6 18. c5 Ned7 19. d4 e5 20. b5 axb5 21. axb5 Ne4 22. Nb4 Re8 23. Bf1 exd4 24. exd4 Ra5 25. Ra1 Rxa1 26. Bxa1 h5 27. Qa4 Re6 28. Qa7 Kh7 29. b6 Qf4 30. Nd3 Qb8 31. Qxb8 Nxb8 32. Bb2 Nd7 33. Ra1 Re7 34. Ra7 Nf8 35. Nb4 Bf6 36. Ba6 Nxc5 37. dxc5 Bxb2 38. Rxb7 Rxb7 39. Bxb7 Ne6 40. Bc8 Nxc5 41. b7 Be5 42. Nxc6 Bd6 43. b8Q Bxb8 44. Nxb8 d4 45. Kf1 d3 46. Ba6 h4 47. Bc4 Kg7 48. Ke1 f5 49. Na6 Nd7 50. Bxd3 Kf6 51. Bb5 1-0

[Event "Capablanca Memorial op-A 46th"]
[Site "Havana"]
[Date "2011.05.20"]
[Round "9"]
[White "Girones Barrios, Yans Richard"]
[Black "Leyva Rivera, Yunier"]
[Result "1/2-1/2"]
[WhiteElo "2221"]
[BlackElo "2382"]
[PlyCount "63"]
[EventDate "2011.05.11"]
[EventType "swiss"]
[EventRounds "10"]
[EventCountry "CUB"]
[SourceTitle "CBM 142 Extra"]
[Source "ChessBase"]
[SourceDate "2011.06.27"]
[SourceVersion "1"]
[SourceVersionDate "2011.06.27"]
[SourceQuality "1"]

1. d4 d5 2. c4 c6 3. Nc3 Nf6 4. Nf3 e6 5. e3 Nbd7 6. Qc2 Bd6 7. Bd3 dxc4 8. Bxc4 b5 9. Bd3 0-0 10. 0-0 Bb7 11. a3 a6 12. b4 a5 13. Rb1 axb4 14. axb4 Qe7 15. e4 e5 16. dxe5 Nxe5 17. Nxe5 Bxe5 18. Ne2 Qe6 19. f4 Ra2 20. Qb3 Ba1 21. Nc3 Bxc3 22. Qxc3 Nxe4 23. Bxe4 Qxe4 24. Bb2 f6 25. Rbe1 Qc4 26. Re7 Qxc3 27. Bxc3 Rf7 28. Re8+ Rf8 29. Re7 Bc8 30. Rfe1 Rf7 31. Re8+ Rf8 32. R8e7 1/2-1/2

[Event "Capablanca Memorial op-A 46th"]
[Site "Havana"]
[Date "2011.05.14"]
[Round "4"]
[White "Leyva Rivera, Yunier"]
[Black "Quesada Vera, Liordis"]
[Result "0-1"]
[WhiteElo "2382"]
[BlackElo "2438"]
[PlyCount "114"]
[EventDate "2011.05.11"]
[EventType "swiss"]
[EventRounds "10"]
[EventCountry "CUB"]
[SourceTitle "CBM 142 Extra"]
[Source "ChessBase"]
[SourceDate "2011.06.27"]
[SourceVersion "1"]
[SourceVersionDate "2011.06.27"]
[SourceQuality "1"]

1. d4 e6 2. c4 Nf6 3. Nc3 d5 4. cxd5 exd5 5. Bg5 c6 6. Qc2 Be7 7. e3 Nbd7 8. Bd3 Nf8 9. Nge2 Ne6 10. Bh4 g6 11. 0-0 Ng7 12. f3 0-0 13. Kh1 Nfh5 14. Bf2 f5 15. Nf4 Nxf4 16. exf4 Ne6 17. Ne2 Bd6 18. g3 Qf6 19. Rac1 Rf7 20. Qd2 Bd7 21. Bb1 Re8 22. Rce1 Kh8 23. Be3 Rfe7 24. Nc1 Bc7 25. Nd3 Rd8 26. Ne5 Be8 27. h4 b6 28. b4 Bd6 29. Kg2 Rc7 30. Bd3 Qe7 31. Rb1 Ra8 32. h5 Qf8 33. hxg6 Bxg6 34. Rfc1 Bxe5 35. dxe5 Rd8 36. Bf2 c5 37. bxc5 bxc5 38. Be2 Bf7 39. Qc2 Bg8 40. Bd3 c4 41. Bxf5 d4 42. Be4 Nxf4+ 43. gxf4 Rg7+ 44. Kf1 Qxf4 45. Rb7 Rxb7 46. Bxb7 d3 47. Qc3 Be6 48. Rb1 Qh2 49. f4 d2 50. Bf3 Rd3 51. Qb4 Qxf4 52. Qb8+ Kg7 53. Qb7+ Bd7 54. Ke2 Qxe5+ 55. Kf1 c3 56. Be2 c2 57. Bxd3 d1Q+ 0-1